Vom Religionskonflikt zur Ausgleichsordnung der Sonderweg des deutschen Staatskirchenrechts vom Augsburger Religionsfrieden 1555 bis zur Gegenwart

Bibliographic Details
Main Author: Heckel, Martin (Author)
Format: Book
Language:German
PhysicalDescription:135 s. 30 cm
Published: München Bayerische Akademie der Wissenschaften 2007
ISBN:9783769609677
ISSN:0005-710X
Series:Abhandlungen. N. F. / Bayerische Akademie der Wissenschaften, Philosophisch-Historische Klasse H. 130
Subjects:

MARC

LEADER 00000nam a2200000 a 4500
001 vtls009140522
003 SK-MaSNL
005 20260301210436.0
008 251124s2007 gw g 000 0 ger
020 |a 9783769609677  |q (brož.) 
040 |a SNK  |b slo  |c SNK  |e AACR2 
041 0 |a ger 
043 |a e-gx--- 
044 |a gw  |c DE 
072 7 |a 2-74  |x Náboženské právo. Cirkevné právo  |2 konspekt 
072 7 |a 322  |x Vzťahy medzi cirkvou a štátom  |2 konspekt 
080 |a 27-74  |2 2001 
080 |a 322  |2 2001 
080 |a (430)  |2 2001 
080 |a (048.8)  |2 2001 
100 1 |a Heckel, Martin  |4 aut  |9 593952 
245 1 0 |a Vom Religionskonflikt zur Ausgleichsordnung  |b der Sonderweg des deutschen Staatskirchenrechts vom Augsburger Religionsfrieden 1555 bis zur Gegenwart  |c Martin Heckel 
260 |a München  |b Bayerische Akademie der Wissenschaften  |c 2007 
300 |a 135 s.  |c 30 cm 
490 1 |a Abhandlungen. N. F. / Bayerische Akademie der Wissenschaften, Philosophisch-Historische Klasse  |x 0005-710X  |v H. 130 
650 0 7 |a cirkevné právo  |2 SNKPH  |9 978 
650 0 7 |a štát a cirkev  |2 SNKPH  |9 4233 
650 0 7 |a nezávislosť cirkvi  |2 SNKPH  |9 593953 
651 7 |a Nemecko  |2 SNKPH  |9 21020 
655 7 |a štúdie  |2 SNKPH  |9 57033 
810 2 |a Bayerische Akademie der Wissenschaften (Mníchov, Nemecko).  |b Philosophisch-historische Klasse.  |t Abhandlungen. Neue Folge  |9 304801 
919 |a 978-3-7696-0967-7 
999 |c 913639  |d 915569 
952 |a SNK  |b SNK  |y VYP  |7 0  |p 17A0566153  |o snkIB 71631  |i snk2007/22971  |8 2  |g 32.43  |0 0  |1 0  |4 0  |d 2007-09-14  |l 0  |r 2026-02-24 07:51:07  |w 2026-02-24